| 000 | 00963nam a2200229Ia 4500 | ||
|---|---|---|---|
| 003 | PE SENCICO BE | ||
| 005 | 20251020182434.0 | ||
| 008 | 200515s9999 xx 000 0 und d | ||
| 040 |
_aPE SENCICO BE _cPE SENCICO BE |
||
| 041 | _aspa | ||
| 082 |
_a371.33 _bD57 |
||
| 100 | 1 |
_aDel Río, C., Carlos _92678 _eautor |
|
| 245 | 1 | 0 |
_aPerspectivas en el siglo 21 : _bciencia y tecnología, educación, desarrollo / _cCarlos del Río C. |
| 250 | _a1a ed. | ||
| 260 |
_asin lugar : _bCDRC ; _c1997 |
||
| 300 |
_a105 p. : _bil., tbl., graf. ; _c21 cm. |
||
| 505 | 0 | _aVisualización introductoria del rol de la educación en el desarrollo integral -- Desarrollo científico - tecnológico y sus perspectivas en el siglo 21 -- El impacto del desarrollo científico - tecnológico -- La educación en el siglo 21. | |
| 650 | 1 | 0 |
_aEducación _92279 |
| 650 | 2 | 0 |
_aTecnología educativa _91741 |
| 650 | 2 | 0 |
_aDesarrollo científico y tecnológico _92176 |
| 942 |
_cLIB _2ddc |
||
| 999 |
_c321 _d321 |
||